00596 2200229 4500001002100000005001500021035002000036007000300056008004100059020002200100082000800122084001400130100002300144245006200167250001000229260003400239300003100273700001300304600002700317990001100344990001100355INLIS00000000000437120191031024108 a0010-1019000223ta191031 g 0 ind  a978-602-1656-43-3 a391 a391 SYU b0 aSYUKURIL, Rohmania1 aBeauty with brokat /cSyukuril Rohmania; editor, Rinawati acet.1 aSurabaya :bTiara Aksa,c2015 a62 hlm. :bilus. ;c26 cm.0 aRINAWATI 4aADAT. PAKAIAN MUSLIMAH a6984 a a6984 b